Music Quiz

Random Music or Disney Quiz

Disney Lyrics VI Quiz Stats

 Plays Quiz not verified by Sporcle

Also try: Animal Bands
Challenge
Share
Tweet
Embed
Score 0/289 Timer 10:00
0 Plays Today
% Correct
a
99.3%
a
99.3%
a
99.3%
a
99.3%
a
99.3%
a
99.3%
a
99.3%
the
98.6%
The
98.6%
the
98.6%
the
98.6%
the
98.6%
the
98.6%
the
98.6%
the
98.6%
the
98.6%
the
98.6%
the
98.6%
the
98.6%
the
98.6%
the
98.6%
the
98.6%
the
98.6%
the
98.6%
the
98.6%
the
98.6%
The
98.6%
the
98.6%
The
98.6%
the
98.6%
the
98.6%
the
98.6%
the
98.6%
the
98.6%
the
98.6%
the
98.6%
the
98.6%
I
97.2%
I
97.2%
I
97.2%
You
92.2%
you
92.2%
You
92.2%
You
92.2%
you
92.2%
you
92.2%
you
92.2%
You
92.2%
you.
92.2%
you
92.2%
you
92.2%
you
92.2%
you
92.2%
you
92.2%
you
92.2%
you
92.2%
you
92.2%
you
92.2%
an
89.4%
be
89.4%
be
89.4%
And
88.7%
and
88.7%
and
88.7%
and
88.7%
and
88.7%
and
88.7%
and
88.7%
And
88.7%
And
88.7%
can
87.9%
can
87.9%
can
87.9%
Can
87.9%
Can
87.9%
Can
87.9%
on.
86.5%
is
85.8%
is
85.8%
of
85.8%
to
85.8%
of
85.8%
of
85.8%
of
85.8%
of
85.8%
of
85.8%
to
85.8%
to
85.8%
to
85.8%
of
85.8%
to
85.8%
of
85.8%
it
85.1%
me.
85.1%
what
85.1%
it
85.1%
he
83.7%
% Correct
we
83%
we
83%
We
83%
we
83%
in
82.3%
in
82.3%
in
82.3%
I'm
81.6%
who
81.6%
are
81.6%
are
81.6%
who
81.6%
all
81.6%
all
81.6%
all
81.6%
all
81.6%
all
81.6%
are
81.6%
are
81.6%
are
81.6%
all
81.6%
are
81.6%
all
81.6%
all
81.6%
if
80.9%
that
80.9%
if
80.9%
why
80.9%
that
80.9%
If
80.9%
so
80.1%
so.
80.1%
see
80.1%
so
80.1%
know?
80.1%
know...
80.1%
know
80.1%
know.
80.1%
But
79.4%
there
79.4%
But
79.4%
But
79.4%
wind?
79.4%
wind?
79.4%
wind.
79.4%
think
78.7%
don't
78.7%
don't
78.7%
think
78.7%
think
78.7%
think
78.7%
colors
78.7%
colors
78.7%
my
78.7%
my
78.7%
colors
78.7%
How
78%
Have
78%
ever
78%
with
78%
with
78%
with
78%
for
78%
How
78%
for
78%
with
78%
with
78%
hear
77.3%
one
76.6%
moon
75.9%
or
75.9%
moon,
75.9%
or
75.9%
has
75.2%
has
75.2%
has
75.2%
heard
75.2%
wolf
75.2%
blue
75.2%
paint
75.2%
paint
75.2%
wolf
75.2%
blue
75.2%
paint
75.2%
not
74.5%
every
74.5%
like
74.5%
cry
74.5%
corn
74.5%
cry
74.5%
corn
74.5%
own
73.8%
land
73.8%
land
73.8%
Earth
73.8%
thing
73.8%
life,
73.8%
% Correct
never
73.8%
knew
73.8%
never
73.8%
knew.
73.8%
Earth.
73.8%
never
73.8%
never
73.8%
never
73.8%
never
73.8%
savage.
73%
been
73%
savage
73%
look
73%
you've
72.3%
just
72.3%
you'll
72.3%
asked
72.3%
then
72.3%
you'll
72.3%
you'll
72.3%
ignorant
71.6%
much
71.6%
only
71.6%
people
71.6%
people,
71.6%
people
71.6%
grinning
71.6%
bobcat
71.6%
voices
71.6%
voices
71.6%
whatever
70.9%
tree
70.9%
things
70.9%
sing
70.9%
sing
70.9%
many
70.2%
must
70.2%
still
70.2%
rock
70.2%
creature,
70.2%
name.
70.2%
walk
70.2%
footsteps
70.2%
dead
69.5%
learn
69.5%
places
68.8%
stranger,
68.8%
mountains?
68.8%
mountains,
68.8%
guess
68.1%
claim.
68.1%
spirit,
68.1%
friends.
68.1%
Come
66.7%
Come
66.7%
Come
66.7%
they're
66.7%
brothers.
66%
once
65.2%
other,
65.2%
around
64.5%
wonder
64.5%
worth.
64.5%
otter
64.5%
circle,
64.5%
down,
64.5%
run
63.8%
forest.
63.8%
each
63.8%
connected
63.1%
ends.
63.1%
grinned?
62.4%
berries
62.4%
high
62.4%
trails
61.7%
will
61.7%
cut
61.7%
hidden
61%
pine
61%
taste
61%
sun-sweet
61%
riches
61%
grow?
61%
roll
60.3%
hoop,
60.3%
whether
60.3%
white
60.3%
copper
60.3%
skinned.
60.3%
river
58.9%
sycamore
58.9%
need
58.2%
need
58.2%
heron
57.4%
rainstorm
54.6%

You're not logged in!

Compare scores with friends on all Sporcle quizzes.
Join for Free
OR
Log In

You Might Also Like...

Show Comments

Extras

Created Aug 23, 2011ReportNominate
Tags:Disney Quiz

Top Quizzes Today


Score Distribution

Your Account Isn't Verified!

In order to create a playlist on Sporcle, you need to verify the email address you used during registration. Go to your Sporcle Settings to finish the process.

Report this User

Report this user for behavior that violates our Community Guidelines.

Details: